Statistics for 2023-24 FIFA PREMIER LEAGUE TRANSFERS/LOANS

Click here to take the quiz!

General Stats

  • This quiz has been taken 47 times
  • The average score is 26 of 40

Answer Stats

HintAnswer% Correct
West Ham > ArsenalDeclan Rice
95%
Chelsea > ArsenalKai Havertz
95%
Ajax > ArsenalJurrien Timber
85%
Brighton > LiverpoolAlexis Mac Allister
78%
Barcelona > BrightonAnsu Fati
78%
Bayern > LiverpoolRyan Gravenberch
78%
RB Leipzig > ChelseaChristopher Nkunku
76%
Rennes > Man CityJeremy Doku
76%
Chelsea > Man UnitedMason Mount
73%
Leverkusen > Aston VillaMoussa Diaby
73%
Man City > ChelseaCole Palmer
71%
RB Leipzig > LiverpoolDominik Szoboszlai
71%
RB Leipzig > Man CityJoško Gvardiol
71%
Chelsea > Man CityMateo Kovacic
71%
Wolves > Man CityMatheus Nunes
71%
AC Milan > NewcastleSandro Tonali
71%
Stuttgart > LiverpoolWataru Endo
71%
Inter > Man UnitedAndre Onana
68%
Villarreal > Aston VillaPau Torres
68%
Southampton > ChelseaRomeo Lavia
68%
Fiorentina > Man UnitedSofyan Amrabat
66%
Leicester City > TottenhamJames Maddison
63%
Brighton > ChelseaMoises Caicedo
63%
Atalanta > Man UnitedRasmus Hojlund
63%
Wolfsburg > TottenhamMicky van de Ven
61%
Ajax > West HamMohammed Kudus
61%
Barcelona > Aston VillaClement Lenglet
56%
Leicester City > NewcastleHarvey Barnes
56%
Southampton > West HamJames Ward-Prowse
56%
Villarreal > ChelseaNicolas Jackson
56%
Monaco > ChelseaAxel Disasi
54%
Brighton > ChelseaRobert Sanchez
54%
Tottenham > Man UnitedSergio Reguilon
54%
Nottingham > TottenhamBrennan Johnson
51%
Juventus > TottenhamDejan Kuluševski
51%
Ajax > West HamEdson Alvarez
51%
Udinese > EvertonBeto
46%
Man United > Crystal PalaceDean Henderson
39%
Leeds > BournemouthTyler Adams
39%
Southampton > NewcastleTino Livramento
37%

Score Distribution

Percentile by Number Answered

Percent of People with Each Score

Your Score History

You have not taken this quiz